00482pab a2200157 454500008004000000100001800040245007300058260000900131300001000140362000900150650002200159773001200181909001000193999001700203952010400220180718b1985 xxu||||| |||| 00| 0 eng d aDeman, Suresh aRegion - regionalization and regional planningbReview of techniques c1985 a49-73 aDec. aRegional Planning aAnvesak a17092 c17092d17092 00104070aIIPAbIIPAd2018-07-19hVolume no: 14, Issue no: 2pAR17152r2018-07-19w2018-07-19yAR